Negro politics ; the search for leadership.

Bibliographic Details
Main Author: Wilson, James Q.
Format: Book
Language:English
Published: New York : Free Press, [1965]
Subjects:

MARC

Tag First Indicator Second Indicator Subfields
LEADER 00000cam a2200000 4500
001 in00000039477
005 20151007081749.0
008 760423c19651960xx 00000 eng d
010 |a  60010906  
035 |a (OCoLC)02134968 
035 |9 AAF6873AM 
040 |a MnU  |c JNA  |d TXA  |d UtOrBLW 
049 |a TXAM  |c [473571] 
050 0 |a JK1924  |b .W5 
092 |a 301.45196  |b W749n 
100 1 |a Wilson, James Q. 
245 1 0 |a Negro politics ;  |b the search for leadership. 
264 1 |a New York :  |b Free Press,  |c [1965] 
264 4 |c [©1960] 
300 |a 342 pages ;  |c 23 cm. 
336 |a text  |b txt  |2 rdacontent 
337 |a unmediated  |b n  |2 rdamedia 
338 |a volume  |b nc  |2 rdacarrier 
504 |a Includes bibliography. 
650 0 |a African Americans  |x Politics and government. 
999 |a MARS 
999 f f |s e3e4eaa1-a875-3086-b2a2-2282a59b47ca  |i 44a80694-b50e-304e-9cf0-800a5f18e4c3  |t 0 
952 f f |p ric  |a Texas A&M University  |b Rellis Campus  |c Joint Library Facility  |d Remote Storage  |t 0  |e JK1924 .W5  |h Library of Congress classification  |i unmediated -- volume  |m A14800644047 
998 f f |a JK1924 .W5  |t 0  |l Remote Storage